00430nam a2200145Ia 4500008004100000020001500041041001200056082001600068100001600084245011700100260002500217300000800242650001600250700001800266221030s9999 xx 000 0 und d a8120309286 aEnglish a105.23bCom aD. E. Comer 0aInternetworking with TCP/ IP Vol. III : Client Server Programming & Applicationscby D. E. Comer, D. L. Sterens bPHIaNew Delhic2000 a498 aBE Computer aD. L. Sterens